000 01014cam a22002054a 4500
005 20250605164225.0
008 250528s ||||||||||||||||||||||||d
035 _a20838
020 _a9780194001830
040 _aGR-AtMCL
_bgre
_dGR-AtMCL
_eAACR2
245 1 _aOxford EAP / A Course in English for Academic Purposes Upper - Intermediate B2 - Teacher's Handbook
260 _bOxford,
_c2012
300 _a152
520 _aThe course integrates the four main skills and academic language, and features authentic texts from academic and higher education books published by Oxford University Press. Incudes CD-ROM. Course Introduction, Teaching Notes and Answers and Suggestions for Extension Tasks and Further Practice, Education, Systems, Communication, Order, Intelligence, Change, Culture, Interpretation, Persuasion, Connection, Technology, Independence, Audio CD Track Listing.
700 1 _aChazal Edward
_96812
700 1 _aMccarter Sam
_96813
942 _cBK
999 _c5920
_d5920